| 000 | 00601nam a22001937a 4500 | ||
|---|---|---|---|
| 005 | 20230317064304.0 | ||
| 008 | 230317b |||||||| |||| 00| 0 eng d | ||
| 020 | _a978-0-7456-4896-5 | ||
| 082 | _a658.45 W167 2012 | ||
| 100 |
_aWaldron, Vincent R. _eauthor |
||
| 245 |
_aCommunication emotion at work / _cVincent R, Waldron |
||
| 260 |
_aCambridge: _bPolity Press, _cc2012. |
||
| 300 | _axvi, 194p. | ||
| 504 | _aIncludes bibliographical references and index | ||
| 541 | _e4792 | ||
| 650 | _aCommunication - Management | ||
| 650 | _aCommunication - Psychological aspects | ||
| 650 | _aEmotions | ||
| 999 |
_c1899 _d1899 |
||